00298nam a22000977a 4500008004100000082002200041245006500063260005300128300001100181440000800192230627b xxu||||| |||| 00| 0 eng d a337.728bROD 2005 aCentral America: Global Integration and Regional Cooperation aWashington DcbInternational Monetary Fundc2005 aX,135p n243